000 00710nam a22002297a 4500
005 20170124105946.0
010 _aA-702156
020 _c00.00
_a8124600120
035 _aA-702156
037 _bCen Lib/Ret
040 _aDPL
_bEN
082 _a230.23
_bSAR
100 _aSaran, Prem
_912326
245 _aTantra :
_cby Prem Saran
_bhedonism in Indian culture /
260 _aNew Delhi
_bD.K. Printworld
_c1994
270 _bNew Delhi
_e110015
_aH-12, bali nagrar
300 _axv, 100p.
_c21cm(Hb)
500 _aIncludes bibliographical references and index
650 _aTantrism
_974322
650 _aHedonism--Religios aspects-Hinduism
_974323
942 _2ddc
_cEN
_h230.23
_mSAR
999 _c124902
_d124902